• 首页
  • 本馆介绍
  • 公告通知
  • 最新文献
  • 馆藏检索
  • 电子资源
  • 读者导购
  • 参考咨询
  • 我的图书馆
  • 登录
  • 详细信息显示
  • 放入我的书架
  • 预约/预借图书
  • 作者相关作品
  • 分类相关作品
  • 丛书相关作品
  • 出版社相关作品

书目信息

  • 表格格式
  • 工作单格式
  • 卡片格式
题名:
罗丹论
    
 
作者: 里尔克 , Rilke 著 ;梁宗岱 译
分册:  
出版信息: 桂林   广西师范大学出版社  2002
页数: 164页
开本: 22cm
丛书名: 雅典娜思想译丛
单 册:
中图分类: J305.565
科图分类:
主题词: CT--S015764--雕塑 , CT--S034299--绘画 , CT--S051909--美术批评
电子资源:
ISBN: 7-5633-3167-0
000 01217nam0 2200361 45
001 012002064153
005 20031219104115.8
010    @a7-5633-3167-0@dCNY19.80
100    @a20020808d2002 em y0chiy0110 ea
101 1  @achi@cger
102    @aCN@b450000
105    @aa z 000yd
106    @ar
200 1  @a罗丹论@9luo dan lun@f(奥)里尔克(Raina Mania Rilke)著@g梁宗岱译
205    @a2版@b插图修订本
210    @a桂林@c广西师范大学出版社@d2002
215    @a164页@c图@d22cm
225 2  @a雅典娜思想译丛
330    @a本书所收的里尔克的两篇文章,对罗丹的为人和作品进行了深刻和透彻的阐述,包括《罗丹论》和《罗丹》两篇。
461  0 @12001 @a雅典娜思想译丛
510 1  @aOn Rodin@zeng
600  1 @a罗丹@c(Rodin, Auguste@f1840~1917)@x雕塑@x美术批评
600  1 @a罗丹@c(Rodin, Auguste@f1840~1917)@x绘画@x美术批评
600  1 @2CT@3S049963@a罗丹@c(Rodin, Auguste@f1840~1917)
606 0  @2CT@3S015764@a雕塑
606 0  @2CT@3S034299@a绘画
606 0  @2CT@3S051909@a美术批评
690    @aJ305.565@v4
701  1 @a里尔克@9li er ke@bR.M.@4著
701  1 @aRilke@bRaina Mania@4著
702  0 @a梁宗岱@9liang zong dai@4译
801    @aCN@bTSTC@c20030924
905    @b325862-864@dJ305.565@e13=2@f3
    
    罗丹论/(奥)里尔克(Raina Mania Rilke)著/梁宗岱译.-2版,插图修订本.-桂林:广西师范大学出版社,2002
    164页:图;22cm.-(雅典娜思想译丛)
    
    
    ISBN 7-5633-3167-0:CNY19.80
    本书所收的里尔克的两篇文章,对罗丹的为人和作品进行了深刻和透彻的阐述,包括《罗丹论》和《罗丹》两篇。
●
相关链接 在E读中查询图书 在五车中查询图书 在当当中查询图书 在豆瓣中查询图书


正题名:罗丹论     索取号:J305.565/13=2         预约/预借

序号 登录号 条形码 馆藏地/架位号 状态 备注
1 0325862   203258624   第一借阅区/ [索取号:J305.565/13=2] 在馆    
2 0325863   203258633   第一借阅区/ [索取号:J305.565/13=2] 在馆    
3 0325864   203258642   第一样本阅览室/ [索取号:J305.565/13=2] 在馆    
唐山师范学院图书馆 欢迎您!
大连网信软件有限公司© 版权所有